000 00360nam a22001577a 4500
003 CEME
005 20210628203751.0
008 210305b xxu||||| |||| 00| 0 eng d
040 _c.
082 _a0333 WAS
100 _aSadiq Husain Saddiqi
_967208
245 _aMuhammad bin qasim
260 _aRAWALPINDI
_bPDF
_c1990
300 _aPDF
942 _cBK
_2ddc
999 _c575039
_d575039